000 00770cam a22002774a 4500
008
020 _a0787981265 (hbk.)
049 _aMAIN
090 0 _aBJ1611.2
_bRAZ
100 1 _aRazeghi, Andrew.
245 1 0 _aHope :
_bhow triumphant leaders create the future /
_cAndrew Razeghi.
250 _a1st ed.
260 _aSan Francisco :
_bJossey-Bass,
_cc2006.
300 _avi, 264 p. :
_bill. ;
_c24 cm.
500 _aIncludes index.
504 _aIncludes bibliographical references.
650 0 _aSuccess.
650 0 _aFortune.
650 0 _aHope.
650 0 _aLeadership.
907 _a.b10309238
_b27-02-12
_c24-02-12
003
005 20230123125412.0
040 _cNUST
942 _cBOOKS
_kBJ1611.2
_mRAZ
999 _c140900
_d140900